000 00458pam a2200169 4500
020 _a007058477X
082 0 0 _a691
_bSMI
100 1 _aSmith, Ronald C.
_945361
245 1 0 _aMaterials of construction
_c[by] R. C. Smith.
250 _a2d ed.
260 _aNew York,
_bMcGraw-Hill
_c[1973]
300 _axii, 468 p.
_billus.
_c24 cm.
526 _a0
_b0
_c0
_d691_000000000000000_SMI
650 0 _aBuilding materials.
650 0 _aMCE
_9379
942 _2ddc
_cBK
999 _c548909
_d548909